| 000 | 00797cam a22002773a 4500 | ||
|---|---|---|---|
| 001 | 14487 | ||
| 003 | PGUSA | ||
| 005 | 20140828083317.0 | ||
| 008 | 041227s2004||||xxu|||||s|||||000 1 eng d | ||
| 040 |
_aPGUSA _beng |
||
| 042 | _adc | ||
| 050 | 4 | _aPR | |
| 100 | 1 |
_aBennett, Arnold, _d1867-1931 |
|
| 245 | 1 | 4 |
_aThe Lion's Share _h[electronic resource] / _cArnold Bennett |
| 260 |
_bProject Gutenberg, _c2004 |
||
| 506 | _aPublic domain in the USA. | ||
| 516 | _aElectronic text | ||
| 653 | _aParis (France) -- Fiction | ||
| 653 | _aMothers and daughters -- Fiction | ||
| 653 | _aEngland -- Fiction | ||
| 653 | _aWomen -- Fiction | ||
| 653 | _aMan-woman relationships -- Fiction | ||
| 830 | 0 |
_aProject Gutenberg _v14487 |
|
| 856 | 4 | 0 | _uhttp://www.gutenberg.org/ebooks/14487 |
| 942 | _cEB | ||
| 999 |
_c243742 _d243742 |
||